<?xml version="1.0" encoding="UTF-8"?>
<collection xmlns="http://www.loc.gov/MARC21/slim">
 <record>
  <leader>04900cam a2200757   4500</leader>
  <controlfield tag="001">1025435516</controlfield>
  <controlfield tag="003">DE-627</controlfield>
  <controlfield tag="005">20241105223145.0</controlfield>
  <controlfield tag="007">tu</controlfield>
  <controlfield tag="008">180628s2018    be ||||| cc   00| ||dut c</controlfield>
  <datafield tag="020" ind1=" " ind2=" ">
   <subfield code="a">9085867622</subfield>
   <subfield code="9">90-8586-762-2</subfield>
  </datafield>
  <datafield tag="020" ind1=" " ind2=" ">
   <subfield code="a">9789085867623</subfield>
   <subfield code="c"> : gebonden</subfield>
   <subfield code="9">978-90-8586-762-3</subfield>
  </datafield>
  <datafield tag="035" ind1=" " ind2=" ">
   <subfield code="a">(DE-627)1025435516</subfield>
  </datafield>
  <datafield tag="035" ind1=" " ind2=" ">
   <subfield code="a">(DE-576)507499336</subfield>
  </datafield>
  <datafield tag="035" ind1=" " ind2=" ">
   <subfield code="a">(DE-599)GBV1025435516</subfield>
  </datafield>
  <datafield tag="035" ind1=" " ind2=" ">
   <subfield code="a">(OCoLC)1047849140</subfield>
  </datafield>
  <datafield tag="035" ind1=" " ind2=" ">
   <subfield code="a">(OCoLC)1047849140</subfield>
  </datafield>
  <datafield tag="040" ind1=" " ind2=" ">
   <subfield code="a">DE-627</subfield>
   <subfield code="b">dut</subfield>
   <subfield code="c">DE-627</subfield>
   <subfield code="e">rda</subfield>
  </datafield>
  <datafield tag="041" ind1=" " ind2=" ">
   <subfield code="a">dut</subfield>
  </datafield>
  <datafield tag="044" ind1=" " ind2=" ">
   <subfield code="c">XA-BE</subfield>
  </datafield>
  <datafield tag="050" ind1=" " ind2="0">
   <subfield code="a">NX554</subfield>
  </datafield>
  <datafield tag="082" ind1="0" ind2=" ">
   <subfield code="a">700-9492</subfield>
  </datafield>
  <datafield tag="082" ind1="0" ind2=" ">
   <subfield code="a">7009492</subfield>
  </datafield>
  <datafield tag="084" ind1=" " ind2=" ">
   <subfield code="a">KUNST</subfield>
   <subfield code="q">DE-16</subfield>
   <subfield code="2">fid</subfield>
  </datafield>
  <datafield tag="084" ind1=" " ind2=" ">
   <subfield code="a">20.31</subfield>
   <subfield code="2">bkl</subfield>
  </datafield>
  <datafield tag="084" ind1=" " ind2=" ">
   <subfield code="a">21.02</subfield>
   <subfield code="2">bkl</subfield>
  </datafield>
  <datafield tag="100" ind1="1" ind2=" ">
   <subfield code="a">Stighelen, Katlijne van der</subfield>
   <subfield code="d">1959-</subfield>
   <subfield code="e">VerfasserIn</subfield>
   <subfield code="0">(DE-588)132251566</subfield>
   <subfield code="0">(DE-627)519857771</subfield>
   <subfield code="0">(DE-576)166484040</subfield>
   <subfield code="4">aut</subfield>
  </datafield>
  <datafield tag="245" ind1="1" ind2="0">
   <subfield code="a">Michaelina Wautier, 1604-1689</subfield>
   <subfield code="b">triomf van een vergeten talent</subfield>
   <subfield code="c">Katlijne Van der Stighelen ; met bijdragen van Gerlinde Gruber, Martha Howell, Jahel Sanzsalazar, Francesca Del Torre Scheuch, Ben van Beneden, Katlijne Van der Stighelen, Martine van Elk</subfield>
  </datafield>
  <datafield tag="246" ind1="1" ind2=" ">
   <subfield code="i">Titel auf dem Buchcover</subfield>
   <subfield code="a">Michaelina</subfield>
  </datafield>
  <datafield tag="246" ind1="3" ind2="3">
   <subfield code="a">Michaelina, de leading lady van de barok</subfield>
  </datafield>
  <datafield tag="264" ind1=" " ind2="1">
   <subfield code="a">Kontich</subfield>
   <subfield code="b">BAI</subfield>
   <subfield code="c">[2018]</subfield>
  </datafield>
  <datafield tag="264" ind1=" " ind2="4">
   <subfield code="c">© 2018</subfield>
  </datafield>
  <datafield tag="300" ind1=" " ind2=" ">
   <subfield code="a">323 Seiten</subfield>
   <subfield code="c">31 cm</subfield>
  </datafield>
  <datafield tag="336" ind1=" " ind2=" ">
   <subfield code="a">unbewegtes Bild</subfield>
   <subfield code="b">sti</subfield>
   <subfield code="2">rdacontent</subfield>
  </datafield>
  <datafield tag="336" ind1=" " ind2=" ">
   <subfield code="a">Text</subfield>
   <subfield code="b">txt</subfield>
   <subfield code="2">rdacontent</subfield>
  </datafield>
  <datafield tag="337" ind1=" " ind2=" ">
   <subfield code="a">ohne Hilfsmittel zu benutzen</subfield>
   <subfield code="b">n</subfield>
   <subfield code="2">rdamedia</subfield>
  </datafield>
  <datafield tag="338" ind1=" " ind2=" ">
   <subfield code="a">Band</subfield>
   <subfield code="b">nc</subfield>
   <subfield code="2">rdacarrier</subfield>
  </datafield>
  <datafield tag="500" ind1=" " ind2=" ">
   <subfield code="a">Met literatuuropgave (pagina's 312-320) en index</subfield>
  </datafield>
  <datafield tag="500" ind1=" " ind2=" ">
   <subfield code="a">Uitgave ter gelegenheid van de tentoonstelling &quot;Michaelina : de leading lady van de barok&quot; in het Museum aan de Stroom (MAS), Antwerpen, 1 juni-2 september 2018, georganiseerd door het Rubenshuis in samenwerking met het MAS</subfield>
  </datafield>
  <datafield tag="500" ind1=" " ind2=" ">
   <subfield code="a">Literaturverzeichnis (Seite 312-320)</subfield>
  </datafield>
  <datafield tag="520" ind1=" " ind2=" ">
   <subfield code="a">In de zomer van 2018 organiseert het MAS in Antwerpen in samenwerking met het Rubenshuis een eerste monografische tentoonstelling over de vergeten kunstenares Michaelina Wautier (1614-1689). Ze werd geboren in Mons maar bouwde haar loopbaan uit in Brussel waar ze rond 1650 actief was. De kunstenares onderhield contacten met het hof van aartshertog Leopold-Wilhelm die vier van haar werken in zijn collectie had. Van haar hand zijn een dertigtal schilderijen en één tekening bekend. Meer dan een derde hiervan is voluit gesigneerd en gedateerd. Michaelina schilderde meesterlijke historiestukken, indringende portretten, ontwapenende genretaferelen en verstilde bloemstukken. Haar veelzijdigheid is zonder meer grensverleggend te noemen. Exhibition: MAS, Antwerp, Belgium (02.06.-02.09.2018)</subfield>
  </datafield>
  <datafield tag="583" ind1="1" ind2=" ">
   <subfield code="a">Archivierung/Langzeitarchivierung gewährleistet</subfield>
   <subfield code="f">FID</subfield>
   <subfield code="x">XA-DE-BW</subfield>
   <subfield code="2">pdager</subfield>
   <subfield code="5">DE-16</subfield>
  </datafield>
  <datafield tag="655" ind1=" " ind2="7">
   <subfield code="a">Ausstellungskatalog</subfield>
   <subfield code="x">Museum aan de Stroom</subfield>
   <subfield code="y">2018</subfield>
   <subfield code="z">Antwerpen</subfield>
   <subfield code="0">(DE-588)4135467-9</subfield>
   <subfield code="0">(DE-627)10566491X</subfield>
   <subfield code="0">(DE-576)209660988</subfield>
   <subfield code="2">gnd-content</subfield>
  </datafield>
  <datafield tag="655" ind1=" " ind2="7">
   <subfield code="a">Bildband</subfield>
   <subfield code="0">(DE-588)4145395-5</subfield>
   <subfield code="0">(DE-627)104450835</subfield>
   <subfield code="0">(DE-576)209741139</subfield>
   <subfield code="2">gnd-content</subfield>
  </datafield>
  <datafield tag="655" ind1=" " ind2="7">
   <subfield code="a">Ausstellungskatalog</subfield>
   <subfield code="x">Museum aan de Stroom (MAS)</subfield>
   <subfield code="y">01.06.2018-02.09.2018</subfield>
   <subfield code="z">Antwerpen</subfield>
   <subfield code="0">(DE-588)4135467-9</subfield>
   <subfield code="0">(DE-627)10566491X</subfield>
   <subfield code="0">(DE-576)209660988</subfield>
   <subfield code="2">gnd-content</subfield>
  </datafield>
  <datafield tag="689" ind1="0" ind2="0">
   <subfield code="d">p</subfield>
   <subfield code="0">(DE-588)130842907</subfield>
   <subfield code="0">(DE-627)707581559</subfield>
   <subfield code="0">(DE-576)257342664</subfield>
   <subfield code="a">Woutiers, Michaelina</subfield>
   <subfield code="d">1604-1689</subfield>
   <subfield code="2">gnd</subfield>
  </datafield>
  <datafield tag="689" ind1="0" ind2=" ">
   <subfield code="5">DE-101</subfield>
  </datafield>
  <datafield tag="689" ind1="1" ind2="0">
   <subfield code="d">p</subfield>
   <subfield code="0">(DE-588)130842907</subfield>
   <subfield code="0">(DE-627)707581559</subfield>
   <subfield code="0">(DE-576)257342664</subfield>
   <subfield code="a">Woutiers, Michaelina</subfield>
   <subfield code="d">1604-1689</subfield>
   <subfield code="2">gnd</subfield>
  </datafield>
  <datafield tag="689" ind1="1" ind2=" ">
   <subfield code="5">(DE-627)</subfield>
  </datafield>
  <datafield tag="700" ind1="1" ind2=" ">
   <subfield code="a">Woutiers, Michaelina</subfield>
   <subfield code="d">1604-1689</subfield>
   <subfield code="e">KünstlerIn</subfield>
   <subfield code="0">(DE-588)130842907</subfield>
   <subfield code="0">(DE-627)707581559</subfield>
   <subfield code="0">(DE-576)257342664</subfield>
   <subfield code="4">art</subfield>
  </datafield>
  <datafield tag="700" ind1="1" ind2=" ">
   <subfield code="a">Gruber, Gerlinde</subfield>
   <subfield code="e">VerfasserIn von ergänzendem Text</subfield>
   <subfield code="0">(DE-588)1223123413</subfield>
   <subfield code="0">(DE-627)1742491138</subfield>
   <subfield code="4">wst</subfield>
  </datafield>
  <datafield tag="700" ind1="1" ind2=" ">
   <subfield code="a">Howell, Martha C.</subfield>
   <subfield code="e">VerfasserIn von ergänzendem Text</subfield>
   <subfield code="0">(DE-588)133040542</subfield>
   <subfield code="0">(DE-627)532151542</subfield>
   <subfield code="0">(DE-576)164124411</subfield>
   <subfield code="4">wst</subfield>
  </datafield>
  <datafield tag="700" ind1="1" ind2=" ">
   <subfield code="8">1\p</subfield>
   <subfield code="a">Sanzsalazar, Jahel</subfield>
   <subfield code="d">1970-</subfield>
   <subfield code="e">VerfasserIn von ergänzendem Text</subfield>
   <subfield code="0">(DE-588)1182553796</subfield>
   <subfield code="0">(DE-627)1662802889</subfield>
   <subfield code="4">wst</subfield>
  </datafield>
  <datafield tag="710" ind1="2" ind2=" ">
   <subfield code="a">Museum aan de Stroom</subfield>
   <subfield code="e">Gastgebende Institution</subfield>
   <subfield code="0">(DE-588)6106013-6</subfield>
   <subfield code="0">(DE-627)613266277</subfield>
   <subfield code="0">(DE-576)314213899</subfield>
   <subfield code="4">his</subfield>
  </datafield>
  <datafield tag="710" ind1="2" ind2=" ">
   <subfield code="a">Rubenshuis</subfield>
   <subfield code="g">Körperschaft</subfield>
   <subfield code="e">Herausgebendes Organ</subfield>
   <subfield code="0">(DE-588)2112072-9</subfield>
   <subfield code="0">(DE-627)10132149X</subfield>
   <subfield code="0">(DE-576)193482444</subfield>
   <subfield code="4">isb</subfield>
  </datafield>
  <datafield tag="787" ind1="0" ind2="8">
   <subfield code="i">Rezensiert in</subfield>
   <subfield code="a">Büttner, Nils, 1967 - </subfield>
   <subfield code="t">[Rezension von: Katlijne Van der Stighelen (Hrsg.), Michaelina Wautier, 1604-1689]</subfield>
   <subfield code="d">2019</subfield>
   <subfield code="w">(DE-627)1834134854</subfield>
  </datafield>
  <datafield tag="856" ind1="4" ind2="2">
   <subfield code="u">https://swbplus.bsz-bw.de/bsz507499336inh.htm</subfield>
   <subfield code="m">V:DE-576;B:DE-16</subfield>
   <subfield code="q">application/pdf</subfield>
   <subfield code="v">20180807135407</subfield>
   <subfield code="3">Inhaltsverzeichnis</subfield>
  </datafield>
  <datafield tag="883" ind1=" " ind2=" ">
   <subfield code="8">1</subfield>
   <subfield code="a">maschinell generiert cgwrk</subfield>
   <subfield code="d">20241001</subfield>
   <subfield code="q">maschinell generiert cgwrk</subfield>
   <subfield code="u">maschinell generiert cgwrk</subfield>
  </datafield>
  <datafield tag="935" ind1=" " ind2=" ">
   <subfield code="i">Blocktest</subfield>
  </datafield>
  <datafield tag="936" ind1="b" ind2="k">
   <subfield code="a">20.31</subfield>
   <subfield code="j">Bildende Künstler</subfield>
   <subfield code="0">(DE-627)181571080</subfield>
  </datafield>
  <datafield tag="936" ind1="b" ind2="k">
   <subfield code="a">21.02</subfield>
   <subfield code="j">Geschichte der Malerei</subfield>
   <subfield code="0">(DE-627)106406698</subfield>
  </datafield>
  <datafield tag="951" ind1=" " ind2=" ">
   <subfield code="a">BO</subfield>
  </datafield>
  <datafield tag="990" ind1=" " ind2=" ">
   <subfield code="a">Woutiers, Michaelina</subfield>
  </datafield>
  <datafield tag="990" ind1=" " ind2=" ">
   <subfield code="a">Woutiers, Michaelina</subfield>
  </datafield>
  <datafield tag="991" ind1=" " ind2=" ">
   <subfield code="a">Rezensiertes Werk</subfield>
  </datafield>
  <datafield tag="999" ind1=" " ind2=" ">
   <subfield code="a">KXP-PPN1025435516</subfield>
   <subfield code="e">4270170603</subfield>
  </datafield>
 </record>
</collection>
